| 000 | 00658cam a2200217 4500 | ||
|---|---|---|---|
| 001 | ABS62152 | ||
| 008 | 000000n2000 000 0 eng u | ||
| 035 | _a(Sirsi) u105523 | ||
| 100 | _aPeacock, C.A. | ||
| 245 | 4 | _aThe globalization of real estate companies | |
| 260 | _c2000 | ||
| 490 |
_aWharton Real Estate Review _v4(1) Spring 2000, 25-31(4) |
||
| 520 | _aExamines how real estate companies are becoming more global in thier outlook. | ||
| 590 | _aABS | ||
| 650 | _aGLOBALISATION | ||
| 650 | _aPROPERTY COMPANIES | ||
| 650 | _aABOUT RICS-RICS MEMBERS | ||
| 650 | _aSURVEYING FIRMS | ||
| 690 | _aMANAGEMENT-BUSINESS MANAGEMENT | ||
| 942 | _n0 | ||
| 999 |
_c63226 _d63226 |
||